000 00282nam a22001337a 4500
008 170405b xxu||||| |||| 00| 0 eng d
020 _a9780805348309
041 _aeng
080 _26 ED
_a574
100 _a9
101 _aSHM
245 _aECOLOGY
_cSMITH.TH.M
942 _2udc
_cBK
999 _c9709
_d9709